Brats /

Saved in:
Format: Book
Published: Estados Unidos : 1930.
LEADER 00291nam a22001097a 4500
003 AR-BeUNQ
005 20221221155608.0
999 |c 36914  |d 120714 
245 |a Brats /  |c James Parrott. 
260 |a Estados Unidos :  |c 1930. 
929 |a DONACION  |b Diego Golombek  |d 100,00E  |e 20211216  |f PAT0079252  |g 3576  |o PR 
942 |c VID  |n 1